La enemiga : (Record no. 176564)

MARC details
000 -LEADER
campo de control de longitud fija 01018nam a22002295i 4500
001 - NÚMERO DE CONTROL
campo de control 176564
003 - IDENTIFICADOR DE NÚMERO DE CONTROL
campo de control ES-MaACL
005 - FECHA Y HORA DE LA ÚLTIMA TRANSACCIÓN
campo de control 20240415143612.0
008 - DATOS DE LONGITUD FIJA--INFORMACIÓN GENERAL
campo de control de longitud fija 110124q1953 sp 000 d spa d
080 ## - NÚMERO DE LA CLASIFICACIÓN DECIMAL UNIVERSAL
Número de la Clasificación Decimal Universal 821.131.1-22"19"
100 1# - ENTRADA PRINCIPAL--NOMBRE DE PERSONA
Nombre de persona Niccodemi, Darío.
9 (RLIN) 85528
245 13 - MENCIÓN DEL TÍTULO
Título La enemiga :
Resto del título comedia dramática en tres actos /
Mención de responsabilidad, etc. Darío Nicodemi ; traducción y adaptación de Eduardo Marquina.
260 ## - PUBLICACIÓN, DISTRIBUCIÓN, ETC.
Lugar de publicación, distribución, etc. Madrid :
Nombre del editor, distribuidor, etc. [s. n.,
Fecha de publicación, distribución, etc. 1953?] (
Fabricante Arba, imp.)
300 ## - DESCRIPCIÓN FÍSICA
Extensión 60 p. ;
Dimensiones 17 cm.
490 1# - MENCIÓN DE SERIE
Mención de serie Biblioteca teatral ;
Designación de volumen o secuencia 145
594 ## - Nota al título y mención de responsabilidad
Nota al título y mención de responsabilidad En port.: Estrenada en el Teatro de la Princesa por la Compañía de María Guerrero y representada con enorme suceso artístico en el Teatro Calderón, de Madrid, por la eminentísima actriz María Fernanda Ladrón de Guevara.
599 ## - NOTA A LAS ILUSTRACIONES
NOTA A LAS ILUSTRACIONES Antep. ilustrada.
700 1# - ENTRADA AGREGADA--NOMBRE PERSONAL
Nombre de persona Marquina, Eduardo,
Fechas asociadas al nombre 1879-1946
9 (RLIN) 77043
830 1# - PUNTO DE ACCESO ADICIONAL DE SERIE-TÍTULO UNIFORME
Título uniforme Biblioteca teatral ;
Designación de volumen o secuencia 145
9 (RLIN) 190120
852 4# - LOCALIZACIÓN
Ubicación ES-MaACL
Número de control de estantería E-14125 (145)
Encuadernación Olim P-302
Nota libre - Enc. con otros títulos
Holdings
Estatus retirado Estado de pérdida Estado de daño No para préstamo Biblioteca de origen Biblioteca actual Ubicación en estantería Fecha de adquisición Fuente de adquisición Total de préstamos Signatura topográfica completa Código de barras Visto por última vez Precio de reemplazo Tipo de ítem Koha
        Biblioteca del Ateneo de Madrid Biblioteca del Ateneo de Madrid Depósito 2 24/01/2011     E-14125 (145) 1185425 23/02/2023 23/02/2023 Libro impreso